| 000 | 00825nam a22002777a 4500 | ||
|---|---|---|---|
| 005 | 20170124105925.0 | ||
| 010 | _a159400 | ||
| 020 | _c00.00 | ||
| 035 | _a159400 | ||
| 037 | _bCen Lib/Ret | ||
| 040 |
_aDPL _bEN |
||
| 082 | _a028.5 | ||
| 100 |
_aHanna, Geneva R. _96175 |
||
| 245 |
_aBooks, young people and reading guidance : _cby Geneva R. Hanna [and] Mariana K. Mcallister |
||
| 246 | _b | ||
| 260 |
_bHarper and brothers _c1960 _aNew York |
||
| 270 | _bNew York | ||
| 300 |
_a219p. _c21cm(Hb) |
||
| 500 | _aIncludes index | ||
| 650 |
_aYoung literature _96176 |
||
| 650 |
_aYoung books _96177 |
||
| 650 |
_aयुवा साहित्य _96178 |
||
| 650 |
_aयुवा किताबें _96179 |
||
| 700 |
_aMcallister, Mariana K. _96180 |
||
| 942 |
_2ddc _cEN _h028.5 _mHAN |
||
| 999 |
_c123451 _d123451 |
||